000 00754nam a2200217Ia 4500
003 GCL
008 140319s9999 xx 000 0 ara d
040 _aGCL /
_cGCL
082 0 4 _a001.42
_bم ب
100 1 _aمصطفى عبدالسميع محمد
245 1 0 _aالبحث العلمى فى المجالات الانسانية /
_cمصطفى عبدالسميع محمد
700 1 _aفيليب اسكاروس
250 _aالاولى
260 _aالقاهرة :
_bدار العين للنشر ،
_c2007
300 _a272 ص ؛
_c24 سم
650 0 4 _aالبحث العلمى
650 0 4 _aالتفاعل الاجتماعى
650 0 4 _aالشخصية - طرق البحث
650 0 4 _aالعلوم - طرق البحث
942 _2ddc
_cBK
999 _c9774
_d9774